| 000 | 01271nam a2200193 a 4500 | ||
|---|---|---|---|
| 008 | 180918e2014 sp |||g||||| 001 1 spa d | ||
| 020 | _a9788498382921 | ||
| 041 | _aspa | ||
| 092 |
_c808 _l74 _sRIO |
||
| 100 | 1 |
_aRiordan, Rick _94305 |
|
| 245 | 3 |
_aLa maldición del titán. _bPercy Jackson y los dioses del Olimpo III / _cRick Riordan |
|
| 250 |
_a4a ed. _bTraducción Santiago del Rey |
||
| 260 |
_aBarcelona: _bSalamandra; _c2014. |
||
| 300 | _a280 p. | ||
| 500 | _aRiordan, R.(2014). La maldición del titán. (4a ed.). Barcelona : Salamandra. | ||
| 505 | _aAnte la llamado de socorro de su amigo el sátiro Grover, Percy acude inmediatamente en su auxilio. Y aunque va acompañado de Annabeth y Thalia, las dos semidiosas que son sus aliadas, ninguno imagina la sorpresa que los aguarda: una terrible mantícora pretende secuestrarlos y llevarlos ante el general enviado por Cronos, el diabólico señor de los titanes. Sin embargo, gracias a la ayuda de las cazadoras de Artemisa, Percy y sus aliadas logran escapar y volver al campamento mestizo. Una vez allí, emprenderán la búsqueda del monstruo que puede provocar la destrucción del Olimpo, sólo uno de ellos logrará resistir la maldición del titán. | ||
| 655 |
_aLiteratura _92917 |
||
| 942 |
_2ddc _cLIT |
||
| 999 |
_c3255 _d3255 |
||